000 00602nam a2200169 4500
001 160194
003 ES-MaACL
005 20230906211948.0
008 950221s1866 sp |||| | spa d
040 _aEUS
_bspa
_cEUS
100 1 _aMoreno Labrador, Esteban.
_9130171
245 1 0 _aAnalogías de la fe /
_cpor Esteban Moreno Labrador.
260 _aCádiz :
_b[s.n.],
_c1866 (
_fImprenta de la Revista Médica, a cargo de Federico Joly)
300 _aIV, 342 p. ;
_c19 cm.
500 1 _aSegún Palau, el t. I parece el único publicado.
852 _aES-MaACL
_jF-10318
_z-- Enc. pasta
_q-- Sólo t.I
999 _c160194
_d160194